Anstey's boundary disputes and how to resolve them (Record no. 103453)
[ view plain ]
| 000 -LEADER | |
|---|---|
| fixed length control field | 01597cam a2200397 4500 |
| 008 - FIXED-LENGTH DATA ELEMENTS--GENERAL INFORMATION | |
| fixed length control field | 040331n2004 000 0 eng u |
| 020 ## - INTERNATIONAL STANDARD BOOK NUMBER | |
| International Standard Book Number | 1842191896 |
| 035 ## - SYSTEM CONTROL NUMBER | |
| System control number | (Sirsi) u125699 |
| 041 ## - LANGUAGE CODE | |
| Language code of text/sound track or separate title | eng |
| 050 ## - LIBRARY OF CONGRESS CALL NUMBER | |
| Classification number | 346.410432 |
| -- | 18 |
| 100 ## - MAIN ENTRY--PERSONAL NAME | |
| Personal name | Anstey, John |
| 245 ## - TITLE STATEMENT | |
| Title | Anstey's boundary disputes and how to resolve them |
| 250 ## - EDITION STATEMENT | |
| Edition statement | 3rd ed. |
| 260 ## - PUBLICATION, DISTRIBUTION, ETC. | |
| Place of publication, distribution, etc. | London |
| Name of publisher, distributor, etc. | RICS |
| Date of publication, distribution, etc. | 2004 |
| 300 ## - PHYSICAL DESCRIPTION | |
| Extent | xi, 120p. |
| Dimensions | 21cm. |
| 350 ## - PRICE (NR) (BK AM CF MU VM SE) [OBSOLETE] | |
| Price | 22.50 |
| 505 ## - FORMATTED CONTENTS NOTE | |
| Formatted contents note | Deed plans and the Land Registry |
| 505 ## - FORMATTED CONTENTS NOTE | |
| Formatted contents note | General and determined boundaries |
| 505 ## - FORMATTED CONTENTS NOTE | |
| Formatted contents note | Garden fences, hedges and ditches |
| 505 ## - FORMATTED CONTENTS NOTE | |
| Formatted contents note | Party walls |
| 505 ## - FORMATTED CONTENTS NOTE | |
| Formatted contents note | Attached and L-shaped houses |
| 505 ## - FORMATTED CONTENTS NOTE | |
| Formatted contents note | New housing estates |
| 505 ## - FORMATTED CONTENTS NOTE | |
| Formatted contents note | Overhanging and underpinning |
| 505 ## - FORMATTED CONTENTS NOTE | |
| Formatted contents note | Boundaries in streets |
| 505 ## - FORMATTED CONTENTS NOTE | |
| Formatted contents note | Horizontal boundaries |
| 505 ## - FORMATTED CONTENTS NOTE | |
| Formatted contents note | Adverse possession |
| 505 ## - FORMATTED CONTENTS NOTE | |
| Formatted contents note | Experts' reports |
| 505 ## - FORMATTED CONTENTS NOTE | |
| Formatted contents note | Giving evidence in court |
| 520 ## - SUMMARY, ETC. | |
| Summary, etc. | Aimed at both surveyors and property owners, the third edition of this straightforward guide explains how to discover where boundaries are and what to do about them. The book addresses a number of difficult boundary disputes and provides useful tips on how to resolve them. Two new chapters are included in this updated edition: boundaries in housing estates and aerial photography. |
| 520 ## - SUMMARY, ETC. | |
| Summary, etc. | Supersedes second edition (ISBN 0854068589). Superseded by fourth edition (ISBN 9781842194546). |
| 650 ## - SUBJECT ADDED ENTRY--TOPICAL TERM | |
| Topical term or geographic name entry element | Boundary disputes |
| 9 (RLIN) | 6221 |
| 650 ## - SUBJECT ADDED ENTRY--TOPICAL TERM | |
| Topical term or geographic name entry element | Boundary disputes |
| 9 (RLIN) | 6221 |
| 690 ## - LOCAL SUBJECT ADDED ENTRY--TOPICAL TERM (OCLC, RLIN) | |
| Topical term or geographic name as entry element | Boundary disputes |
| 9 (RLIN) | 6221 |
| 700 ## - ADDED ENTRY--PERSONAL NAME | |
| Personal name | Powell, David |
| 942 ## - ADDED ENTRY ELEMENTS (KOHA) | |
| Suppress in OPAC | 0 |
| Withdrawn status | Lost status | Source of classification or shelving scheme | Damaged status | Not for loan | Home library | Current library | Shelving location | Date acquired | Total Checkouts | Full call number | Barcode | Date last seen | Copy number | Price effective from | Koha item type |
|---|---|---|---|---|---|---|---|---|---|---|---|---|---|---|---|
| Dewey Decimal Classification | London | London | RICS Boxes | 29/04/2009 | RICS 2004/19 | 30069433 | 06/08/2019 | 1 | 06/08/2019 | Archive | |||||
| Dewey Decimal Classification | London | London | RICS Boxes | 19/03/2014 | RICS 2004/19 | 30069410 | 06/08/2019 | 2 | 06/08/2019 | Book | |||||
| Dewey Decimal Classification | London | London | RICS Boxes | 19/03/2014 | RICS 2004/19 | 3007893 | 06/08/2019 | 3 | 06/08/2019 | Book |